LEADER 01113nam a2200253 i 4500 001 000000041134 003 CaOOAMICUS 005 20121025000000.0 008 121025s1991 it u000 u ita u 013 $a12304 040 $aSeMil$bita 100 1 $aGiorgetti, Giorgio,$d<1927-1976>.$0(OLS)http://semarc/name/18461 245 10$aNovedrate :$bla collina delle brughiere /$cGiorgio Giorgetti ; foto di Antonio Molteni, Renzo Pescarolo. 260 $aRomanò di Inverigo :$bGraffiti Edizioni,$ccopyr. 1991. 300 $a142 p. :$bill. ;$c32 cm. 500 $aIn calce al front. : Comune di Novedrate. 650 4$aNovedrate.$0(OLS)http://semarc/subject/8699 700 1 $aPescarolo, Renzo.$0(OLS)http://semarc/name/18462 700 1 $aMolteni, Antonio.$0(OLS)http://semarc/name/20201 850 $aSeMil 852 $aSeMil$W1$xVenegono$y1$m3P VI 76$j7289$B7289$CSeMilBibl$Z2$F7289 $81 961 $aOmaggio: Casa editrice 996 $6245$aNovedrate :$bla collina delle brughiere$9(OLS)http://semarc/title/59430 996 $6260$aRomanò di Inverigo :$bGraffiti Edizioni$9(OLS)http://semarc/publisher/40193 LEADER 01050nam a2200241 i 4500 001 000000024638 003 CaOOAMICUS 005 20221018144621.0 008 180830s1925 fr u000 u fre u 040 $aSeMil$bita 100 1 $aMontaigne, Michel : de,$d<1533-1592>.$0(OLS)http://semarc/name/10903 245 10$aEssais de Montaigne /$cnouvelle édition avec des notes choisies dans tous les commentateurs et la traduction de toutes les citations que renferme le texte par M. J. V. Leclerc. 260 $aParis :$bGarnier frères,$c1925. 300 $a4 v. ;$c19 cm. 600 14$aMontaigne, Michel : de <1533-1592>.$0(OLS)http://semarc/subject/3887 700 1 $aLeclerc, Joseph Victor.$0(OLS)http://semarc/name/10902 774 0 $tTome premier.$w()199644 774 0 $tTome deuxième.$w()199645 774 0 $tTome troisième.$w()199646 774 0 $tTome quatrième.$w()199647 996 $6245$aEssais de Montaigne$9(OLS)http://semarc/title/33143 996 $6260$aParis :$bGarnier frères$9(OLS)http://semarc/publisher/33256